000 00497nam a2200181Ia 4500
008 100917s9999 xx 000 0 und d
082 _b32752
100 _aगोवईकर पद्रमाकर
245 _aऎक जनमेजया
260 _bअभय प्रकाशन
_c1973
300 _a64
365 _b9
520 _aनाटक
630 _aऎक जनमेजया
650 _aनाटक
730 _aऎक जनमेजया
942 _cBOOK
999 _c638146
_d638143